Score 0/7 Timer 03:00
0 Plays Today
Question Answer Wrong Answers
This American astronomer, widely recognized for the telescope that bears his name today, formally publishes a report announcing the existence of other galaxies beyond the Milky Way.
1924
Edwin Hubble
95.1%
Carl Sagan
2.2%
Percival Lowell
1.4%
Isaac Asimov
1.3%
This American singer and actor first records ‘My Way’, a song he would help popularize.
1968
Frank Sinatra
92.4%
Bob Dylan
1.8%
Dean Martin
1.6%
Tony Bennett
3.2%
This American golfer, whose outstanding junior, college, and amateur career culminated in a historic win at the 1997 Masters Tournament after turning pro, is born.
1975
Tiger Woods
91.7%
Phil Mickelson
4.1%
Rory McIlroy
2.2%
Sergio García
0.7%
Proposed budget cuts by Benjamin Netanyahu spark protests from 250,000 workers who shut down services across ______.
1996
Israel
87%
Lebanon
4.3%
Syria
3.3%
Jordan
3.3%
The Parliament of Zimbabwe declares this man to be executive President, a new position that consolidated power and paved the way for years of one-party rule.
1987
Robert Mugabe
81.8%
Idi Amin
11.4%
Paul Kagame
3.1%
Paul Biya
1.6%
King Michael I of Romania is forced to abdicate by the Communist government of Romania, which is backed by this nation.
1947
Soviet Union
78.4%
Yugoslavia
11.7%
Turkey
2.1%
Hungary
7.1%
One day after punching an opposing player in the Gator Bowl, Ohio State dismisses this legendary, yet polarizing, football coach.
1978
Woody Hayes
54%
Bear Bryant
22.6%
Bobby Bowden
15.7%
Steve Spurrier
6.2%
Remove Ads.
Support Sporcle.
Get the best of Sporcle when you Go Orange. This ad-free experience offers more features, more stats, and more fun while also helping to support Sporcle. Thank you for becoming a member.

You're not logged in!

Compare scores with friends on all Sporcle quizzes.
OR
Log In

Show Comments

Extras

Top Quizzes Today


Score Distribution

Your Account Isn't Verified!

In order to create a playlist on Sporcle, you need to verify the email address you used during registration. Go to your Sporcle Settings to finish the process.

Report this User

Report this user for behavior that violates our Community Guidelines.

Details: